000 01056nam0a22002531 4500
001 rc\1117476
005 20260407091319.0
035 _a(NLR Aleph) 006360828
090 _a4900434
_c4900434
100 _a20041126d1982 |||y0rusy50 ca
101 0 _arus
102 _aRU
105 _aa |||||||||
200 1 _aУправление эффективностью производства гражданской авиации
_eМежвуз. темат. сб. науч. тр.
_fМоск. ин-т инженеров гражд. авиации
_g[Отв. ред. И.С. Голубев]
210 _aМ.
_cМИИГА
_d1982 (вып. дан. 1983)
215 _a108 с.
_cил.
_d20
320 _aБиблиогр. в конце тр.
702 1 _aГолубев
_bИ.С.
_gИван Семенович
_4340
712 0 2 _aМосковский институт инженеров гражданской авиации
_3RU\NLR\AUTH\8816122
_9305368
801 0 _aRU
_bNLR
_gpsbo
801 1 _aRU
_bELAR
_2rusmarc
852 _aNLR
_j83-3/9073
942 _cBOOK
980 _aNB